Estudios críticos / (Record no. 159465)

MARC details
000 -LEADER
campo de control de longitud fija 00693nam a2200193 i 4500
001 - NÚMERO DE CONTROL
campo de control 159465
003 - IDENTIFICADOR DE NÚMERO DE CONTROL
campo de control ES-MaACL
005 - FECHA Y HORA DE LA ÚLTIMA TRANSACCIÓN
campo de control 20251012063055.0
008 - DATOS DE LONGITUD FIJA--INFORMACIÓN GENERAL
campo de control de longitud fija 990413s1886 ck |||| | spa d
040 ## - FUENTE DE CATALOGACIÓN
Centro catalogador/agencia de origen CCPB | B
Lengua de catalogación spa
Centro/agencia transcriptor CCPB | B
100 1# - ENTRADA PRINCIPAL--NOMBRE DE PERSONA
Nombre de persona Merchán, Rafael María,
Fechas asociadas al nombre 1844-1905
9 (RLIN) 80454
245 10 - MENCIÓN DEL TÍTULO
Título Estudios críticos /
Mención de responsabilidad, etc. por Rafael M. Merchán.
260 ## - PUBLICACIÓN, DISTRIBUCIÓN, ETC.
Lugar de publicación, distribución, etc. Bogotá :
Nombre del editor, distribuidor, etc. [s.n.],
Fecha de publicación, distribución, etc. 1886 (
Fabricante Imprenta de "La Luz")
300 ## - DESCRIPCIÓN FÍSICA
Extensión [8], 712, [2] p. ;
Dimensiones 19 cm.
597 ## - NOTA DE DESCRIPCIÓN FÍSICA
NOTA DE DESCRIPCIÓN FÍSICA Antep.
597 ## - NOTA DE DESCRIPCIÓN FÍSICA
NOTA DE DESCRIPCIÓN FÍSICA Port., antep. y texto enmarcados.
852 ## - LOCALIZACIÓN
Ubicación ES-MaACL
Número de control de estantería G-7563
Nota libre -- Enc. ed. en tela negra con hierros dorados
-- -- Donativo del autor al Ateneo de Madrid
Holdings
Estatus retirado Estado de pérdida Estado de daño No para préstamo Colección Biblioteca de origen Biblioteca actual Ubicación en estantería Fecha de adquisición Fuente de adquisición Total de préstamos Signatura topográfica completa Código de barras Visto por última vez Precio de reemplazo Tipo de ítem Koha
        Libros del s. XIX Biblioteca del Ateneo de Madrid Biblioteca del Ateneo de Madrid Sala Pecera Planta 3 17/01/2008     G-7563 1166939 23/02/2023 23/02/2023 Libro impreso antiguo